000 00889cam a22002654a 4500
001 14987048
005 20180109084733.0
008 070829s2008 paua 001 0 eng
010 _a 2007035906
016 7 _a101315344
_2DNLM
020 _a9780781772068
020 _a0781772060
035 _a(OCoLC)ocn166454422
040 _aDNLM/DLC
_cDLC
_dYDX
_dNLM
_dBTCTA
_dBAKER
_dYDXCP
_dCOU
_dKEC
_dOCLCG
_dDAY
_dNLGGC
_dDLC
041 _aeng
042 _apcc
080 _a611 JOH
100 1 _a6
101 _aANA
245 1 0 _aRespiratory physiology :
_cJohn B. West.
504 _aIncludes bibliographical references and index.
906 _a7
_bcbc
_corignew
_d1
_eecip
_f20
_gy-gencatlg
942 _2ddc
_cBK
999 _c39965
_d39965